|
|
|
|
| LEADER |
00000nam0a2200000 4500 |
| 001 |
246006 |
| 005 |
20231101232154.0 |
| 035 |
|
|
|a (RuTPU)RU\TPU\book\267444
|
| 090 |
|
|
|a 246006
|
| 100 |
|
|
|a 20131121d1963 m y0rusy50 ca
|
| 101 |
0 |
|
|a rus
|
| 102 |
|
|
|a UA
|
| 105 |
|
|
|a a j 000zy
|
| 200 |
1 |
|
|a Руководство к лабораторным работам по физике
|e учебное пособие
|f В. Г. Чепуренко
|
| 210 |
|
|
|a Киев
|c Изд-во Киевского ун-та
|d 1963
|
| 215 |
|
|
|a 312 с.
|c ил.
|
| 606 |
1 |
|
|a Физика
|2 stltpush
|3 (RuTPU)RU\TPU\subj\63709
|9 80688
|
| 610 |
1 |
|
|a лабораторные работы
|
| 610 |
1 |
|
|a механика
|
| 610 |
1 |
|
|a молекулярная физика
|
| 610 |
1 |
|
|a теплота
|
| 610 |
1 |
|
|a электричество
|
| 610 |
1 |
|
|a электромагнетизм
|
| 610 |
1 |
|
|a колебания
|
| 610 |
1 |
|
|a волны
|
| 610 |
1 |
|
|a оптика
|
| 610 |
1 |
|
|a твердые тела
|
| 610 |
1 |
|
|a атомные ядра
|
| 610 |
1 |
|
|a учебные пособия
|
| 675 |
|
|
|a 53(076.5)
|v 3
|
| 700 |
|
1 |
|a Чепуренко
|b В. Г.
|g Василий Григорьевич
|
| 801 |
|
1 |
|a RU
|b 63413507
|c 20131121
|
| 801 |
|
2 |
|a RU
|b 63413507
|c 20210518
|g RCR
|
| 942 |
|
|
|c BK
|